000 00677nam a2200205 4500
999 _c121078
_d121078
001 K121078
007 ta
008 190808b2019 ||||| |||| 00| 0 eng d
041 _aeng
245 _aWhose data is it anyway?
260 _c2019
490 _aRICS Modus
_vJuly/August 2019, 32-34(3)
520 _aBrings together a panel of experts to whether the construction industry is culturally read to embrace the changes that Big Data and BIM can bring.
650 _aBIM
650 _aBig Data
651 _aUnited Kingdom 1973
690 _96274
_aPropTech
856 _uhttps://issuu.com/ricsmodus/docs/modus_julaug19
_yAvailable free online via Issuu
942 _2ddc